Logo BPK

Biblioteka

Politechniki Koszalińskiej

Fiziceskie metody issledovanija tverdogo tela : (Rekord nr 22539)

Szczegóły MARC
000 -ETYKIETA REKORDU
podpole kontrolne o stałej długości 00591nam a2200157 i 4500
001 - NUMER KONTROLNY REKORDU
pole kontrolne bg
040 ## - ŹRÓDŁO KATALOGOWANIA
Instytucja, która utworzyła rekord BPK
041 ## - KOD JĘZYKA
Kod języka tekstu pol
080 ## - UNIWERSALNA KLASYFIKACJA DZIESIĘTNA - UKD
UKD 669.017:620.18:539.172:539.26
008 - POLE O STAŁEJ DŁUGOŚCI - DANE KONTROLNE
podpole kontrolne o stałej długości s pl f |000 0 pol
245 #0 - TYTUŁ/ODPOWIEDZIALNOŚĆ
Tytuł Fiziceskie metody issledovanija tverdogo tela :
Ciąg dalszy tytułu meżvuzovskij sbornik /
Pozostałe elementy strefy tytułu i oznaczenia odpowiedzialności Ministerstvo vyssego i sredniego specialnogo obrazovanija RSFSR ; Ural'skij Ordena Trudovogo Krasnogo Znameni Politechniceskij Institut im. S. M. Kirova.
254 ## - STREFA POSTACI ZAPISU MUZYCZNEGO
Określenie postaci zapisu muzycznego Vyp. 4
260 ## - STREFA ADRESU WYDAWNICZEGO
Miejsce wydania Sverdlovsk :
Nazwa wydawcy/dystrybutora Izd. UPI,
Data publikacji, dystrybucji/powstania dokumentu 1982.
300 ## - STREFA OPISU FIZYCZNEGO
Objętość 159, [1] s. :
Inne cechy fizyczne fot., rys., wykr.
942 ## - DODATKOWE ELEMENTY (KOHA)
Typ dokumentu Książka
Egzemplarze
Wycofany Status egzemplarza Uszkodzony Dostępność Lokalizacja stała Lokalizacja bieżąca Numer ubytku Sygnatura Kod kreskowy Typ dokumentu Miejsce przechowywania
  Egz. niedostępny   Niedostępny Biblioteka Politechniki Koszalińskiej Biblioteka Politechniki Koszalińskiej 12400 31659 01562224 Książka  
  Egz. niedostępny   Niedostępny Biblioteka Politechniki Koszalińskiej Biblioteka Politechniki Koszalińskiej 12401 31660 01562217 Książka  
      Dostępny Biblioteka Politechniki Koszalińskiej Biblioteka Politechniki Koszalińskiej   31661 01562200 Książka Wypożyczalnia BG
  Egz. niedostępny   Niedostępny Biblioteka Politechniki Koszalińskiej Biblioteka Politechniki Koszalińskiej 12402 31662 01562194 Książka  
© 2023 Biblioteka Politechniki Koszalińskiej :: KOHA